Slovenské pohľadnice

Bibliographic Details
Format: Article
Language:Slovak
Subjects:

MARC

LEADER 00000nab a22000001a 4500
001 vtls008986769
003 SK-MaSNL
005 20260305043918.0
008 060421d19200619xo |r|p|||| |000 b|slo
015 |a SNBRRBVU1918-1938 
038 |a SNKBUCL 
040 |a SNKBUVU  |b slo  |c SNKBUCL  |e AACR2 
041 0 |a slo 
044 |a xo  |c SK 
080 |a 75.071.1  |2 1997 
080 |a 766:655.3.066(048)  |2 1997 
245 0 0 |a Slovenské pohľadnice 
500 |a V rubrike Veda a umenie 
600 1 7 |a Alexy, Janko,  |d 1894-1970  |2 MM  |9 103027 
648 7 |a 1920  |2 MM  |9 288264 
655 7 |a pohľadnice umeleckých diel  |2 snkbucl  |9 81593 
773 0 |t Katolícke noviny  |g Roč. 2, č. 25 (19.6.1920), s. 6 
852 |a SNK  |b KIS3GCP 
910 |a snkrbvumm 
958 |a VY 
999 |c 3355634  |d 3357564